| 000 | 00479cam a22001337a 4500 | ||
|---|---|---|---|
| 008 | 180718b1994 xxu||||| |||| 00| 0 eng d | ||
| 082 | _aAPPPA 1993-94 RAJ | ||
| 100 | _aRaj Kumar | ||
| 245 |
_aComputer-based train operation and information system on Northern Railway with speical reference to Delhi metropolitan area _cby Raj Kumar |
||
| 260 |
_aNew Delhi _bIndian Institute of Public Administration _c1994 |
||
| 300 | _a116p. | ||
| 650 | _aAPPPA | ||
| 650 | _aComputers - Railways | ||
| 999 |
_c479691 _d479691 |
||